Statistics for Countries in foreign languages (dos)

Click here to take the quiz!

General Stats

  • This quiz has been taken 24 times
  • The average score is 10 of 15

Answer Stats

CountryForeign languageEnglish name% Correct
ÇekiaAlbanianCzech Republic
96%
OekraïneDutchUkraine
96%
IemenCatalanYemen
91%
BelshLuxembourgishBelgium
87%
TxadBasqueChad
87%
SveitsiFinnishSwitzerland
78%
AlžirSerbo-CroatianAlgeria
70%
Aontas na nÉimíríochtaí ArabachaIrish GaelicUAE
70%
GriechenlandGermanGreece
65%
ChorvatskoCzechCroatia
61%
Pajjiżi BaxxiMalteseNetherlands
57%
MadžarskaSloveneHungary
52%
PrantsusmaaEstonianFrance
43%
GudijaLithuanianBelarus
17%
Yr ArianninWelshArgentina
13%

Score Distribution

Percentile by Number Answered

Percent of People with Each Score

Your Score History

You have not taken this quiz